Manuel pratique des mesures physico-chimiques / (Record no. 116468)

MARC details
000 -LEADER
campo de control de longitud fija 00558nam a2200169 4500
001 - NÚMERO DE CONTROL
campo de control 116468
003 - IDENTIFICADOR DE NÚMERO DE CONTROL
campo de control ES-MaACL
007 - CAMPO FIJO DE DESCRIPCIÓN FÍSICA--INFORMACIÓN GENERAL
campo de control de longitud fija t|
008 - DATOS DE LONGITUD FIJA--INFORMACIÓN GENERAL
campo de control de longitud fija 061121s1904 fr r ||||1| fre d
100 1# - ENTRADA PRINCIPAL--NOMBRE DE PERSONA
Nombre de persona Ostwald, Wilhelm.
9 (RLIN) 87830
245 10 - MENCIÓN DEL TÍTULO
Título Manuel pratique des mesures physico-chimiques /
Mención de responsabilidad, etc. par Wilhelm Ostwald ; R. Luther ; traduit de l'allemand sur la deuxiéme edition par Ad. Jouve.
260 ## - PUBLICACIÓN, DISTRIBUCIÓN, ETC.
Lugar de publicación, distribución, etc. Paris :
Nombre del editor, distribuidor, etc. Evreux Ch. Herissey,
Fecha de publicación, distribución, etc. 1904.
300 ## - DESCRIPCIÓN FÍSICA
Extensión 534 p. ;
Dimensiones 25 cm.
700 1# - ENTRADA AGREGADA--NOMBRE PERSONAL
Nombre de persona Luther, R.
9 (RLIN) 74874
700 1# - ENTRADA AGREGADA--NOMBRE PERSONAL
Nombre de persona Jouve, Ad.
9 (RLIN) 67036
852 ## - LOCALIZACIÓN
Ubicación ES-MaACL
Número de control de estantería B-4408
Holdings
Estatus retirado Estado de pérdida Estado de daño No para préstamo Biblioteca de origen Biblioteca actual Ubicación en estantería Fecha de adquisición Fuente de adquisición Total de préstamos Signatura topográfica completa Código de barras Visto por última vez Precio de reemplazo Tipo de ítem Koha
        Biblioteca del Ateneo de Madrid Biblioteca del Ateneo de Madrid Sala Pardo Bazán 17/01/2008     B-4408 1121450 23/02/2023 23/02/2023 Libro impreso